Lengua internacional esperanto / (Record no. 130363)

MARC details
000 -LEADER
campo de control de longitud fija 00988nam a2200253 i 4500
001 - NÚMERO DE CONTROL
campo de control 130363
003 - IDENTIFICADOR DE NÚMERO DE CONTROL
campo de control ES-MaACL
005 - FECHA Y HORA DE LA ÚLTIMA TRANSACCIÓN
campo de control 20230906193723.0
007 - CAMPO FIJO DE DESCRIPCIÓN FÍSICA--INFORMACIÓN GENERAL
campo de control de longitud fija t|
008 - DATOS DE LONGITUD FIJA--INFORMACIÓN GENERAL
campo de control de longitud fija 070726s1901 sp |||| | spa d
080 ## - NÚMERO DE LA CLASIFICACIÓN DECIMAL UNIVERSAL
Número de la Clasificación Decimal Universal 811.922
100 1# - ENTRADA PRINCIPAL--NOMBRE DE PERSONA
Nombre de persona Zamenhof, L. L.
9 (RLIN) 117921
245 10 - MENCIÓN DEL TÍTULO
Título Lengua internacional esperanto /
Mención de responsabilidad, etc. por el Dr. L. Zamenhof.
260 ## - PUBLICACIÓN, DISTRIBUCIÓN, ETC.
Lugar de publicación, distribución, etc. Madrid :
Nombre del editor, distribuidor, etc. [s.n.],
Fecha de publicación, distribución, etc. 1901 (
Fabricante Imp. de Administración Militar)
300 ## - DESCRIPCIÓN FÍSICA
Extensión 32 p. ;
Dimensiones 23 cm.
500 ## - NOTA GENERAL
Nota general Vocabulario esperanto-español.
530 ## - NOTA DISPONIBLE DE FORMULARIO FÍSICO ADICIONAL
Nota de formato físico adicional disponible Disponible en formato digital.
594 ## - Nota al título y mención de responsabilidad
Nota al título y mención de responsabilidad Creada en 1887 por el doctor L. Zamenhof, de Varsovia
594 ## - Nota al título y mención de responsabilidad
Nota al título y mención de responsabilidad Apuntes gramaticales de la traducción francesa de M.L. Beaufront, y temas de la 3ª edición de Ekzercaro de la lingvo-internacia
650 #4 - PUNTO DE ACCESO ADICIONAL DE MATERIA--TÉRMINO DE MATERIA
Término de materia o nombre geográfico como elemento de entrada Esperanto.
9 (RLIN) 12494
650 #4 - PUNTO DE ACCESO ADICIONAL DE MATERIA--TÉRMINO DE MATERIA
Término de materia o nombre geográfico como elemento de entrada Esperanto-
Subdivisión de forma Diccionarios-
Subdivisión general Español.
9 (RLIN) 163215
852 4# - LOCALIZACIÓN
Ubicación ES-MaACL
Número de control de estantería T-1025-F-5
856 4# - LOCALIZACIÓN Y ACCESO ELECTRÓNICOS
Identificador Uniforme de Recursos <a href="http://bdh-rd.bne.es/viewer.vm?id=0000236111&page=1 ">http://bdh-rd.bne.es/viewer.vm?id=0000236111&page=1 </a>
Nota pública Biblioteca Digital Hispánica
Holdings
Estatus retirado Estado de pérdida Estado de daño No para préstamo Colección Biblioteca de origen Biblioteca actual Ubicación en estantería Fecha de adquisición Fuente de adquisición Total de préstamos Signatura topográfica completa Código de barras Visto por última vez Precio de reemplazo Tipo de ítem Koha
        Colección de folletos Biblioteca del Ateneo de Madrid Biblioteca del Ateneo de Madrid Depósito folletos 17/01/2008     T-1025-F-5 1135737 23/02/2023 23/02/2023 Folleto